000
003230000a22001570004500
003
MACL
040
_a
MACL
090
_c
33642
_d
33640
100
_a
Agrawal,P K
245
_a
Physics
260
_b
Krishna prakashan Media
_c
2002
350
_a
260
650
_a
Physics
942
_c
BOOK
_k
530/Aga
951
_o
530/Aga BOOK
999
_c
33291
_d
33291